Time Management/ (Record no. 214547)

MARC details
000 -LEADER
fixed length control field 00605nam a22001817a 4500
005 - DATE AND TIME OF LATEST TRANSACTION
control field 20260128114315.0
010 ## - LCCN (DPL NO)
LC control number ENG-147721
020 ## - INTERNATIONAL STANDARD BOOK NUMBER
International Standard Book Number 9789367002872
Terms of availability 150.00
035 ## - SYSTEM CONTROL NUMBER
System control number EN-131253
037 ## - SOURCE OF ACQUISITION
Source of stock number/acquisition DBAD
082 ## - DEWEY DECIMAL CLASSIFICATION NUMBER
Edition number 1
Classification number 371.302812
100 ## - MAIN ENTRY--PERSONAL NAME
Personal name Lodhi, Neeharika Singh
245 ## - TITLE STATEMENT
Title Time Management/
Statement of responsibility, etc Neeharika Singh Lodhi
260 ## - PUBLICATION, DISTRIBUTION, ETC. (IMPRINT)
Place of publication, distribution, etc East Delhi
Name of publisher, distributor, etc Pharos Books
Date of publication, distribution, etc 2024
270 ## - ADDRESS
Address Plot No. -63 Main Mother Dairy Road Pandav Nagar, East Delhi
City East Delhi
Postal code 110092
Telephone number 011-403958555
Electronic mail address sales@pharosbooks.in
300 ## - PHYSICAL DESCRIPTION
Extent 130p.
Dimensions 20cm(pb)
942 ## - ADDED ENTRY ELEMENTS (KOHA)
Source of classification or shelving scheme Dewey Decimal Classification
Item type English Books
Call number suffix LOD
Classification part 371.302812
Holdings
Withdrawn status Lost status Not for loan Collection code Home library Current library Date acquired Source of acquisition Cost, normal purchase price Full call number Barcode Copy number Cost, replacement price Koha item type
      Non-fiction Ashok Vihar Ashok Vihar 28/01/2026 Delivery of Books Act Division 150.00 LOD 371.302812 EN-131253 1 150.00 English Books

© Delhi Public Library
Hit Counter
free hit counter